| 000 | 00519 a2200169 4500 | ||
|---|---|---|---|
| 999 |
_c867 _d867 |
||
| 020 | _a9780078050640 | ||
| 050 | _aD217. PUR 2011 | ||
| 100 |
_aHelen E Purkitt _eeditor |
||
| 245 |
_a Annual editions : _bworld politics 10/11 / _cHelen E Purkitt |
||
| 264 |
_aNew York : _bMcGraw-Hill, _c2011. |
||
| 300 | _axxiv, 183 pages : illustrations ; 28 cm | ||
| 440 | _aWorld politics 2010/2011 | ||
| 500 | _aIncludes index. | ||
| 650 | _aWorld politics. | ||
| 650 | _aInternational relations. | ||
| 942 |
_2lcc _cBK _h217 _iPUR _kD |
||